Juegos matemáticos para secundaria y bachillerato /
שמור ב:
| מחבר ראשי: | |
|---|---|
| פורמט: | ספר |
| שפה: | ספרדית |
| יצא לאור: |
Madrid, España :
Síntesis,
1998, c1998
|
| סדרה: | (Educación Matemática en Secundaria ;
25) |
| נושאים: | |
| תגים: |
אין תגיות, היה/י הראשונ/ה לתייג את הרשומה!
|
MARC
| LEADER | 00000nam^a2200000^a^4500 | ||
|---|---|---|---|
| 001 | 000138594 | ||
| 005 | 20250521000000.0 | ||
| 009 | 20260310095432.718 | ||
| 020 | |a 84-7738-231-X | ||
| 037 | |a Acervo ITESO - Biblioteca | ||
| 041 | |a ESP | ||
| 082 | |a 510. 7 |b COR | ||
| 100 | |a Corbalán, Fernando |e (autor) | ||
| 245 | 1 | 0 | |a Juegos matemáticos para secundaria y bachillerato / |c F. Corbalán. |
| 264 | 4 | |a Madrid, España : |b Síntesis, |c 1998, c1998 | |
| 300 | |a 271 p. | ||
| 336 | |a texto |b txt |2 rdacontenido | ||
| 337 | |a sin mediación |b n |2 rdamedio | ||
| 338 | |a volumen |b nc |2 rdasoporte | ||
| 440 | 1 | |a (Educación Matemática en Secundaria ; |v 25) | |
| 649 | |a XX | ||
| 650 | |a Juegos Matemáticos - |x Tema Principal | ||
| 650 | |a Juegos Educativos | ||
| 650 | |a Matemáticas - |x Estudio y Enseñanza | ||
| 650 | |a Matemáticas - |x Problemas, Ejercicios, etc. | ||
| 650 | |a Metodología Educativa | ||
| 650 | |a Didáctica | ||
| 650 | |a Educación Media Básica | ||
| 650 | |a Educación Media Superior | ||
| 650 | |a Educación | ||
| 910 | |a Fondo General | ||
| 920 | |a Impresos - Libros | ||
| 930 | |a Colección General | ||
| 905 | |a 101 | ||
| 901 | |a 0500067038 |b IT1 |c ACC |u 20250521 | ||
| 902 | |a https://opac.biblio.iteso.mx/vufind/Record/000138594 | ||